Семь смертных грехов: Роман-хроника

書目詳細資料
主要作者: Еленин М. С. Марк Соломонович
其他作者: Минц И. (автор послесловия)
語言:俄语
出版: Ленинград, Советский писатель, 1986
主題:
格式: MixedMaterials 圖書
KOHA link:https://koha.lib.tpu.ru/cgi-bin/koha/opac-detail.pl?biblionumber=138298

MARC

LEADER 00000nam0a2200000 4500
001 138298
005 20231031141415.0
020 |a RU  |b 86-16436 
035 |a (RuTPU)RU\TPU\book\149859 
090 |a 138298 
100 |a 20080523d1986 m y0rusy5003 ca 
101 0 |a rus 
102 |a RU 
105 |a c z 000ay 
200 1 |a Семь смертных грехов  |e Роман-хроника  |f М. С. Еленин  |g авт. послесл. И. Минц  
210 |a Ленинград  |c Советский писатель  |c Ленингр. отд-ние  |d 1986 
215 |a 784 с.  |d 21 см  |c портр. 
610 1 |a чекисты 
610 1 |a эмигранты 
610 1 |a Гражданская война 1918-1921 
610 1 |a эмиграция 
675 |a Р2  |z rus 
700 1 |a Еленин  |b М. С.  |g Марк Соломонович  |4 070 
702 1 |a Минц   |b И.  |4 075 
801 0 |a RU  |b RuMRKP  |c 19950704  |g psbo 
801 1 |a RU  |b 63413507  |c 20080523  |g PSBO 
801 2 |a RU  |b 63413507  |c 20140212  |g PSBO 
942 |c BK